<?xml version="1.0" encoding="UTF-8"?><?xml-stylesheet type="text/xsl" href="static/style.xsl"?><OAI-PMH xmlns="http://www.openarchives.org/OAI/2.0/" xmlns:xsi="http://www.w3.org/2001/XMLSchema-instance" xsi:schemaLocation="http://www.openarchives.org/OAI/2.0/ http://www.openarchives.org/OAI/2.0/OAI-PMH.xsd"><responseDate>2026-06-04T17:02:15Z</responseDate><request verb="GetRecord" identifier="oai:riuma.uma.es:10630/19172" metadataPrefix="marc">https://riuma.uma.es/rest/oai/request</request><GetRecord><record><header><identifier>oai:riuma.uma.es:10630/19172</identifier><datestamp>2026-02-03T11:50:45Z</datestamp><setSpec>com_10630_2254</setSpec><setSpec>col_10630_37959</setSpec></header><metadata><record xmlns="http://www.loc.gov/MARC21/slim" xmlns:dcterms="http://purl.org/dc/terms/" xmlns:doc="http://www.lyncode.com/xoai" xmlns:xsi="http://www.w3.org/2001/XMLSchema-instance" xsi:schemaLocation="http://www.loc.gov/MARC21/slim http://www.loc.gov/standards/marcxml/schema/MARC21slim.xsd">
   <leader>00925njm 22002777a 4500</leader>
   <datafield ind2=" " ind1=" " tag="042">
      <subfield code="a">dc</subfield>
   </datafield>
   <datafield ind2=" " ind1=" " tag="720">
      <subfield code="a">Reul, Andreas</subfield>
      <subfield code="e">author</subfield>
   </datafield>
   <datafield ind2=" " ind1=" " tag="720">
      <subfield code="a">Muñoz Muñoz, María</subfield>
      <subfield code="e">author</subfield>
   </datafield>
   <datafield ind2=" " ind1=" " tag="720">
      <subfield code="a">Gómez-Jiménez, María Luisa</subfield>
      <subfield code="e">author</subfield>
   </datafield>
   <datafield ind2=" " ind1=" " tag="720">
      <subfield code="a">Sánchez-Teba, Eva María</subfield>
      <subfield code="e">author</subfield>
   </datafield>
   <datafield ind2=" " ind1=" " tag="720">
      <subfield code="a">Ruiz-Molina, Antonio</subfield>
      <subfield code="e">author</subfield>
   </datafield>
   <datafield ind2=" " ind1=" " tag="260">
      <subfield code="c">2020-01-16</subfield>
   </datafield>
   <datafield ind2=" " ind1=" " tag="520">
      <subfield code="a">Introducción: El inglés es el lenguaje oficial de la Ciencia. Por ello, una vez terminados los estudios universitarios cualquier alumno debe enfrentarse a textos científicos en dicha lengua. Sin embargo, el inglés no forma parte de la programación docente de las disciplinas científicas más allá del requisito de obtener el B1. Además, el inglés científico con un vocabulario específico es muy diferente al inglés coloquial. En el marco de los cursos de Innovación docente se promueve el uso de la “Content and Language Integrated Learning (CLIL)”, pero se dificulta su aplicación en las asignaturas por la incertidumbre acerca de la matriculación o no en dichas asignaturas ya que se requiere un número suficiente de alumnos para que los departamentos no pierdan cupo de docencia correspondiente. Metodología: Para averiguar la viabilidad de ofrecer asignaturas troncales y optativas en inglés se ha diseñado y efectuado una encuesta anónima con 13 preguntas que se presenta en este estudio. Resultados: El 84% de los alumnos considera una asignatura en inglés una buena oportunidad y el 79% lo considera una ventaja en el mercado laboral. Sólo un 11% aprueba tener el examen en inglés. En cuanto a recompensa, los alumnos (63%) prefieren que conste en el título que se haya cursado la asignatura en inglés ante que un reconocimiento de créditos. El 53% no se apuntaría a una asignatura troncal en inglés por temor a no aprobarla. En la optativa un 32 % no se apuntaría por no estar seguro de aprobar la asignatura, un 5% no se apuntaría por el temor a una reducción en el temario, el 24% se apuntaría sin recompensa y el 39% sólo se apuntaría si hay reconocimiento. Resultado: Si se reconoce en el expediente académico aproximadamente la mitad de los alumnos está dispuesta a recibir la docencia en inglés</subfield>
   </datafield>
   <datafield ind1="8" ind2=" " tag="024">
      <subfield code="a">https://hdl.handle.net/10630/19172</subfield>
   </datafield>
   <datafield tag="653" ind2=" " ind1=" ">
      <subfield code="a">Inglés técnico - Estudio y enseñanza</subfield>
   </datafield>
   <datafield ind2="0" ind1="0" tag="245">
      <subfield code="a">Disposición de los alumnos para el aprendizaje interdisciplinar inglés-ciencia</subfield>
   </datafield>
</record>
</metadata></record></GetRecord></OAI-PMH>